00245nam a2200097Ia 4500008004100000041000800041082000800049100002800057245002300085260003900108221007s9999 xx 000 0 und d aeng bHUS aBhatia Vanraj, Composer 4aThe Elements Earth c2011bThe India Today GroupaDelhi